<?xml version="1.0" encoding="UTF-8"?>
<record
    xmlns:xsi="http://www.w3.org/2001/XMLSchema-instance"
    xsi:schemaLocation="http://www.loc.gov/MARC21/slim http://www.loc.gov/standards/marcxml/schema/MARC21slim.xsd"
    xmlns="http://www.loc.gov/MARC21/slim">

  <leader>01224nam a22002177a 4500</leader>
  <datafield tag="999" ind1=" " ind2=" ">
    <subfield code="c">133019</subfield>
    <subfield code="d">133019</subfield>
  </datafield>
  <controlfield tag="005">20190404104058.0</controlfield>
  <controlfield tag="008">170509b        mx ||||| |||| 00| 0 spa d</controlfield>
  <datafield tag="020" ind1=" " ind2=" ">
    <subfield code="z">970701295X</subfield>
  </datafield>
  <datafield tag="050" ind1="0" ind2="4">
    <subfield code="a">F1231</subfield>
    <subfield code="b">G35 2002</subfield>
  </datafield>
  <datafield tag="100" ind1="1" ind2=" ">
    <subfield code="a">G&#xE1;lvez, Jos&#xE9; de,</subfield>
    <subfield code="d">1720-1787.</subfield>
  </datafield>
  <datafield tag="240" ind1="1" ind2="0">
    <subfield code="a">Informe general que en virtud de Real Orden instruy&#xF3; y entreg&#xF3; el excelent&#xED;simo se&#xF1;or Marqu&#xE9;s de Sonora ... al excelent&#xED;simo se&#xF1;or Virrey Frey D. Antonio Bucarely y Urs&#xFA;a</subfield>
  </datafield>
  <datafield tag="245" ind1="1" ind2="0">
    <subfield code="a">Informe general que en virtud de Real Orden instruy&#xF3; y entreg&#xF3; el excelent&#xED;simo se&#xF1;or Marqu&#xE9;s de Sonora siendo visitador general de este reino, al excelent&#xED;simo se&#xF1;or virrey don Antonio Bucarely y Urs&#xFA;a con fecha 31 de diciembre de 1771</subfield>
    <subfield code="c">/ estudio introductorio, Clara Elena Su&#xE1;rez Arg&#xFC;ello.</subfield>
  </datafield>
  <datafield tag="246" ind1="1" ind2="4">
    <subfield code="a">Informe del marqu&#xE9;s de Sonora al virrey don Antonio Bucarely y Urs&#xFA;a</subfield>
  </datafield>
  <datafield tag="250" ind1=" " ind2=" ">
    <subfield code="a">1a ed. facsimilar</subfield>
  </datafield>
  <datafield tag="260" ind1=" " ind2=" ">
    <subfield code="a">M&#xE9;xico : </subfield>
    <subfield code="b">Centro de Investigaciones y Estudios Superiores en Antropolog&#xED;a Social : </subfield>
    <subfield code="b">Miguel &#xC1;ngel Porr&#xFA;a, </subfield>
    <subfield code="c">2002.</subfield>
  </datafield>
  <datafield tag="300" ind1=" " ind2=" ">
    <subfield code="a">xcii, 429 p. ; </subfield>
    <subfield code="c">34 cm.</subfield>
  </datafield>
  <datafield tag="504" ind1=" " ind2=" ">
    <subfield code="a">Incluye bibliograf&#xED;a e indice</subfield>
  </datafield>
  <datafield tag="651" ind1=" " ind2="7">
    <subfield code="2">lemb</subfield>
    <subfield code="a">M&#xE9;xico</subfield>
    <subfield code="x">Condiciones econ&#xF3;micas</subfield>
    <subfield code="y">Siglo XVIII</subfield>
  </datafield>
  <datafield tag="700" ind1="1" ind2=" ">
    <subfield code="a">Su&#xE1;rez Arg&#xFC;ello, Clara Elena.</subfield>
    <subfield code="e">pr&#xF3;logo</subfield>
  </datafield>
  <datafield tag="942" ind1=" " ind2=" ">
    <subfield code="2">lcc</subfield>
    <subfield code="c">LIB</subfield>
  </datafield>
  <datafield tag="952" ind1=" " ind2=" ">
    <subfield code="1">0</subfield>
    <subfield code="2">lcc</subfield>
    <subfield code="4">0</subfield>
    <subfield code="7">0</subfield>
    <subfield code="a">UCIH</subfield>
    <subfield code="b">UCIH</subfield>
    <subfield code="c">CMAP</subfield>
    <subfield code="d">2017-05-09</subfield>
    <subfield code="k">CSA</subfield>
    <subfield code="o">F1231 G35 2002</subfield>
    <subfield code="p">BCU000018588</subfield>
    <subfield code="r">2017-05-09 00:00:00</subfield>
    <subfield code="t">1</subfield>
    <subfield code="y">LIB</subfield>
  </datafield>
  <datafield tag="952" ind1=" " ind2=" ">
    <subfield code="1">0</subfield>
    <subfield code="2">lcc</subfield>
    <subfield code="4">0</subfield>
    <subfield code="7">0</subfield>
    <subfield code="a">INV-033</subfield>
    <subfield code="b">INV-033</subfield>
    <subfield code="c">GENERAL</subfield>
    <subfield code="d">2019-04-04</subfield>
    <subfield code="k">CSA</subfield>
    <subfield code="o">F1231 G35 2002</subfield>
    <subfield code="p">IIH000028366</subfield>
    <subfield code="r">2019-04-04 00:00:00</subfield>
    <subfield code="t">C:1</subfield>
    <subfield code="y">LIB</subfield>
    <subfield code="z">GENERAL</subfield>
  </datafield>
</record>
